000 00871nam a2200217Ia 4500
001 2203
005 20260422123310.0
008 260306t2013||||xx |||||||||||||| ||spa||
041 _aESP
082 _a616.07
_bK485
100 _aKumar, Vinay,
_eAUT
245 0 _aPatología humana
260 _c2013
300 _axii, 910 páginas :
_c28 cm.
650 _aGEN
654 _aCCS
856 _uhttps://0u216xhg7-y-https-accessmedicina-mhmedical-com.itmsp.museknowledge.com/book.aspx?bookid=3096
_zVéase además: Patología. Versión digital
856 _uhttps://0u216xhg7-y-https-accessmedicina-mhmedical-com.itmsp.museknowledge.com/
_zVéase además: Base de datos McGraw Hill Access Medicina
856 _uhttps://0u23fxhqq-y-https-www-clinicalkey-com.itmsp.museknowledge.com/student/login
_zVéase además: Base de datos ClinicalKey
942 _cLIB
_dJUS
_fJUS
_2ddc
999 _c2203
_d2203